[Event "Zonal 3.1 Women 2015"]
[Site "Muscat OMA"]
[Date "2015.05.17"]
[Round "1.1"]
[White "Pourkashiyan, Atousa"]
[Black "Hejazipour, Mitra"]
[Result "1-0"]
[WhiteTitle "WGM"]
[BlackTitle "WIM"]
[WhiteElo "2356"]
[BlackElo "2312"]
[WhiteFideId "12502014"]
[BlackFideId "12505951"]
[EventDate "2015.05.17"]

1. e4 c5 2. Nf3 d6 3. d4 cxd4 4. Nxd4 Nf6 5. Nc3 a6 6. Be2 e5 7. Nb3 Be7 8. O-O
O-O 9. Be3 Be6 10. Qd3 Qc7 11. Nd5 Nxd5 12. exd5 Bc8 13. c4 Nd7 14. Rad1 b6 15.
f4 Bf6 16. Qb1 Re8 17. Bd3 Nf8 18. f5 Nd7 19. Nd2 Nc5 20. b4 Nd7 21. Ne4 a5 22.
a3 Be7 23. c5 bxc5 24. bxc5 Qa7 25. Rde1 dxc5 26. f6 Bxf6 27. Nd6 Ba6 28. Bxh7+
Kf8 29. Nxe8 Rxe8 30. Bd3 Rb8 31. Qd1 Rb2 32. Rf2 Rb8 33. Bf5 Bc8 34. d6 Qb6 35.
Qd2 g6 36. Bxd7 1-0

[Event "Zonal 3.1 Women 2015"]
[Site "Muscat OMA"]
[Date "2015.05.17"]
[Round "1.2"]
[White "Al-Rufaye, Iman Hasan Mohammed"]
[Black "Abeer, Ali"]
[Result "1/2-1/2"]
[WhiteTitle "WIM"]
[WhiteElo "2094"]
[BlackElo "1569"]
[WhiteFideId "4801067"]
[BlackFideId "9302930"]
[EventDate "2015.05.17"]

1. e4 c6 2. d4 d5 3. exd5 cxd5 4. Bd3 Nc6 5. c3 g6 6. Bf4 Bf5 7. Nf3 Nf6 8. O-O
Bg7 9. Ne5 O-O 10. Re1 Nd7 11. Bxf5 gxf5 12. Qh5 Ncxe5 13. dxe5 e6 14. Re3 Re8
15. Nd2 f6 16. Rh3 Nf8 17. Nf3 Qe7 18. Re1 Qf7 19. Qh4 Re7 20. exf6 Bxf6 21. Bg5
Ng6 22. Qh5 Rae8 23. Rg3 Kh8 24. Bxf6+ Qxf6 25. Ng5 Nf4 26. Qh4 Ng6 27. Qh6 Qg7
28. Qxg7+ Kxg7 29. Rge3 Kf6 30. Nf3 Kf7 31. g3 Nf8 32. Nd4 a6 33. f4 Nd7 34. Nf3
h6 35. Ne5+ Nxe5 36. Rxe5 h5 37. Kf2 b5 38. Ke3 Rc8 39. Kd3 Rc4 40. b3 Rc8 41.
Kd4 Rc6 42. R5e3 Kf6 43. Ra1 Rb7 44. h3 a5 45. Rc1 Rbc7 46. a3 b4 47. a4 Rc8 48.
Rd3 Rxc3 49. Rdxc3 Rxc3 50. Rxc3 bxc3 51. Kxc3 Ke7 52. b4 axb4+ 53. Kxb4 Kd6 54.
Kb5 Kc7 55. Kc5 Kb7 56. Kb5 Ka7 57. Ka5 Kb7 58. Kb5 1/2-1/2

[Event "Zonal 3.1 Women 2015"]
[Site "Muscat OMA"]
[Date "2015.05.17"]
[Round "1.3"]
[White "Mir Mahmoud, Afamia"]
[Black "Alkanderi, Suad"]
[Result "1-0"]
[WhiteElo "1964"]
[BlackElo "1417"]
[WhiteFideId "7600674"]
[BlackFideId "10300805"]
[EventDate "2015.05.17"]

1. d4 d5 2. Nf3 Nf6 3. c4 c6 4. Nc3 Bf5 5. Qb3 Qc8 6. cxd5 cxd5 7. Nxd5 Nxd5 8.
Qxd5 Qd7 9. Qxd7+ Nxd7 10. Nd2 e6 11. e4 Bg6 12. Bd3 e5 13. d5 Bc5 14. Nb3 Bb4+
15. Bd2 Bxd2+ 16. Kxd2 b6 17. Rac1 O-O 18. Rc7 Nc5 19. Nxc5 bxc5 20. Rxc5 f5 21.
exf5 Bxf5 22. f3 Bxd3 23. Kxd3 Rf6 24. Rhc1 h6 25. Rc8+ Rxc8 26. Rxc8+ Rf8 27.
Rxf8+ Kxf8 28. Ke4 Ke7 29. Kxe5 Kd7 30. b4 g5 31. g3 h5 32. h4 g4 33. fxg4 hxg4
34. h5 a5 35. h6 axb4 36. h7 b3 37. axb3 Ke7 38. h8=Q Kf7 39. Qh7+ Kf8 40. Ke6
Ke8 41. Qe7# 1-0

[Event "Zonal 3.1 Women 2015"]
[Site "Muscat OMA"]
[Date "2015.05.17"]
[Round "1.5"]
[White "Faqeeh, Yara"]
[Black "Zhu, Chen"]
[Result "0-1"]
[BlackTitle "GM"]
[WhiteElo "1437"]
[BlackElo "2414"]
[WhiteFideId "11501642"]
[BlackFideId "8600546"]
[EventDate "2015.05.17"]

1. d4 d5 2. c4 c6 3. Nc3 Nf6 4. e3 a6 5. Nf3 b5 6. cxd5 cxd5 7. Qc2 Bb7 8. Bd2
Nc6 9. a3 e6 10. b4 Rc8 11. Rc1 Bd6 12. Bd3 O-O 13. O-O Qe7 14. Qb2 e5 15. dxe5
Nxe5 16. Be2 Nfg4 17. h3 Nxf3+ 18. Bxf3 Nh2 19. Bxd5 Nxf1 20. Bxb7 Nxd2 21. Bxc8
Nc4 22. Nd5 Qh4 23. g3 Qe4 24. Nc3 Qe5 25. Qe2 Rxc8 26. f4 Qxe3+ 27. Qxe3 Nxe3
28. Kf2 Rxc3 0-1

[Event "Zonal 3.1 Women 2015"]
[Site "Muscat OMA"]
[Date "2015.05.18"]
[Round "2.1"]
[White "Hejazipour, Mitra"]
[Black "Zhu, Chen"]
[Result "1-0"]
[WhiteTitle "WIM"]
[BlackTitle "GM"]
[WhiteElo "2312"]
[BlackElo "2414"]
[WhiteFideId "12505951"]
[BlackFideId "8600546"]
[EventDate "2015.05.17"]

1. e4 e5 2. Nf3 Nc6 3. Bb5 a6 4. Ba4 Nf6 5. O-O Be7 6. Re1 b5 7. Bb3 d6 8. c3
O-O 9. h3 Nb8 10. d4 Nbd7 11. Nbd2 c5 12. Nf1 Bb7 13. Ng3 cxd4 14. cxd4 exd4 15.
Qxd4 Nc5 16. Bc2 Ne6 17. Qd3 g6 18. Bh6 Re8 19. Rad1 Rc8 20. Ng5 Nxg5 21. Bxg5
Nd7 22. Bxe7 Rxe7 23. Re2 Ne5 24. Qd4 Rec7 25. Bb3 h5 26. f4 Nc4 27. Rf2 h4 28.
Ne2 Qe7 29. Nc3 Nxb2 30. Rxb2 Rxc3 31. Re2 Rc1 32. Rxc1 Rxc1+ 33. Kh2 Rc5 34. e5
d5 35. e6 fxe6 36. Re5 Rc8 37. Rg5 Kf7 38. Qf2 Rh8 39. Bc2 Rh6 40. Bd3 Qc7 41.
Qf3 Bc8 42. Re5 Kg7 43. Rg5 Qc3 44. Qe3 Qc7 45. Qd4+ Kf7 46. Qe3 Bd7 47. Qf3 a5
48. Re5 b4 49. Qg4 Qd8 50. Qd1 Qf6 51. Qg4 Ke7 52. Rg5 Be8 53. Qf3 Qd4 54. Rg4
Bf7 55. Qe2 Qc3 56. Qe3 Rh8 57. Rg5 a4 58. Rxd5 Rc8 59. Rb5 Rc7 60. Qe4 Rd7 61.
Bf1 b3 62. axb3 axb3 63. Qb1 Qg3+ 64. Kh1 Qxf4 65. Rxb3 Qf5 66. Qc1 Qd5 67. Rd3 1-0

[Event "Zonal 3.1 Women 2015"]
[Site "Muscat OMA"]
[Date "2015.05.18"]
[Round "2.4"]
[White "Abeer, Ali"]
[Black "Mir Mahmoud, Afamia"]
[Result "0-1"]
[WhiteElo "1569"]
[BlackElo "1964"]
[WhiteFideId "9302930"]
[BlackFideId "7600674"]
[EventDate "2015.05.17"]

1. e4 d6 2. d4 Nf6 3. Nc3 g6 4. f4 Bg7 5. Nf3 O-O 6. Bc4 c6 7. Bd3 Nbd7 8. O-O
e5 9. Ne2 Qc7 10. c3 c5 11. fxe5 dxe5 12. d5 c4 13. Bc2 Qc5+ 14. Kh1 Ng4 15. Qe1
Ne3 16. Bxe3 Qxe3 17. Ng3 Qc5 18. Ba4 b5 19. Bc2 a5 20. a3 Qd6 21. Qf2 Nc5 22.
Qe2 Rb8 23. Rf2 Ba6 24. Nd2 Bh6 25. Raf1 f6 26. Rf3 Rbd8 27. Qf2 Bg7 28. Rd1 Bc8
29. h3 Bb7 30. Ndf1 Ba6 31. Ne3 Rb8 32. Ng4 Rb6 33. h4 h5 34. Ne3 Bc8 35. Qf1
Qe7 36. Ne2 Bh6 37. Qf2 f5 38. exf5 e4 39. Rh3 Bxf5 40. Nxf5 Rxf5 41. Qg1 Rbf6
42. Ng3 Re5 43. Nf1 e3 44. Re1 e2 45. Ng3 Be3 46. Qh2 Bf2 47. Rxe2 Rxe2 48. Nxe2
Qxe2 49. Qb8+ Rf8 50. Kh2 0-1

[Event "Zonal 3.1 Women 2015"]
[Site "Muscat OMA"]
[Date "2015.05.18"]
[Round "2.5"]
[White "Pourkashiyan, Atousa"]
[Black "Al-Rufaye, Iman Hasan Mohammed"]
[Result "1-0"]
[WhiteTitle "WGM"]
[BlackTitle "WIM"]
[WhiteElo "2356"]
[BlackElo "2094"]
[WhiteFideId "12502014"]
[BlackFideId "4801067"]
[EventDate "2015.05.17"]

1. e4 e5 2. Nf3 Nc6 3. Bb5 a6 4. Ba4 Nf6 5. O-O Be7 6. Re1 b5 7. Bb3 d6 8. c3
O-O 9. h3 Na5 10. Bc2 c5 11. d4 Qc7 12. Nbd2 Bd7 13. Nf1 cxd4 14. cxd4 Rfc8 15.
Ne3 Nc4 16. Nxc4 bxc4 17. Bd2 Bc6 18. Bc3 Nd7 19. Qe2 Bb7 20. Rad1 Bf6 21. dxe5
Nxe5 22. Nd4 Ng6 23. Qd2 d5 24. Nf5 dxe4 25. Bxf6 e3 26. Rxe3 gxf6 27. Re8+ 1-0

[Event "Zonal 3.1 Women 2015"]
[Site "Muscat OMA"]
[Date "2015.05.19"]
[Round "3.1"]
[White "Al-Rufaye, Iman Hasan Mohammed"]
[Black "Hejazipour, Mitra"]
[Result "0-1"]
[WhiteTitle "WIM"]
[BlackTitle "WIM"]
[WhiteElo "2094"]
[BlackElo "2312"]
[WhiteFideId "4801067"]
[BlackFideId "12505951"]
[EventDate "2015.05.17"]

1. e4 c5 2. Nf3 d6 3. d4 cxd4 4. Nxd4 Nf6 5. Nc3 a6 6. g3 e5 7. Nde2 Be7 8. Bg2
b5 9. O-O Nbd7 10. a4 b4 11. Nd5 Nxd5 12. Qxd5 Rb8 13. c4 bxc3 14. Nxc3 Nc5 15.
Qd1 O-O 16. Rb1 a5 17. Re1 Be6 18. Nd5 Qd7 19. b3 f5 20. Bd2 fxe4 21. Bxa5 Nd3
22. Nxe7+ Qxe7 23. Rf1 d5 24. Bd2 Qd7 25. Qh5 Bg4 26. Qh4 Be2 27. b4 Bxf1 28.
Rxf1 Qxa4 29. Qe7 Qc6 30. Bh3 Kh8 31. Bd7 Qb6 32. Qe6 Qa7 33. b5 Rxf2 34. b6
Rxf1+ 35. Kxf1 Qxb6 36. Qxb6 Rxb6 37. Ke2 d4 38. Bf5 Nc5 39. Bc1 Ra6 0-1

[Event "Zonal 3.1 Women 2015"]
[Site "Muscat OMA"]
[Date "2015.05.19"]
[Round "3.2"]
[White "Mir Mahmoud, Afamia"]
[Black "Pourkashiyan, Atousa"]
[Result "0-1"]
[BlackTitle "WGM"]
[WhiteElo "1964"]
[BlackElo "2356"]
[WhiteFideId "7600674"]
[BlackFideId "12502014"]
[EventDate "2015.05.17"]

1. d4 Nf6 2. Nf3 e6 3. g3 b5 4. Bg2 Bb7 5. O-O Be7 6. b3 O-O 7. Bb2 d5 8. Ne5 c5
9. c4 Qb6 10. cxb5 Qxb5 11. Nc3 Qa5 12. dxc5 Bxc5 13. a3 Be7 14. b4 Qd8 15. Qd4
Nc6 16. Nxc6 Bxc6 17. h3 Qd6 18. b5 Bb7 19. f4 Rfc8 20. e3 Rc4 21. Qd3 Qb6 22.
Kh2 Rac8 23. Rfc1 Nd7 24. a4 Bf6 25. Ra3 h6 26. Bf1 Qa5 27. Qd2 R4c7 28. Be2 Qb4
29. Bd1 Nb6 30. Rb3 Qa5 31. Ra3 Nc4 0-1

[Event "Zonal 3.1 Women 2015"]
[Site "Muscat OMA"]
[Date "2015.05.19"]
[Round "3.4"]
[White "Faqeeh, Yara"]
[Black "Alkanderi, Suad"]
[Result "1-0"]
[WhiteElo "1437"]
[BlackElo "1417"]
[WhiteFideId "11501642"]
[BlackFideId "10300805"]
[EventDate "2015.05.17"]

1. d4 d5 2. c4 c6 3. Nc3 Nf6 4. e3 e6 5. Nf3 a6 6. a4 Bb4 7. Bd2 a5 8. Bd3 h6 9.
O-O O-O 10. Qc2 dxc4 11. Bxc4 Nd5 12. e4 Nxc3 13. bxc3 Be7 14. Ne1 Nd7 15. f4 b6
16. Rf3 Ba6 17. Ba2 c5 18. d5 c4 19. dxe6 fxe6 20. e5 Rf5 21. Bb1 Bc5+ 22. Kh1
Qh4 23. Rg3 Qh5 24. Nf3 Raf8 25. Rh3 Qg4 26. Qd1 Bb7 27. Bxf5 Rxf5 28. Rg3 Bxf3
29. Qxf3 Qxf3 30. Rxf3 Nxe5 31. fxe5 g5 32. Rxf5 exf5 33. Rf1 f4 34. g3 g4 35.
Rxf4 h5 36. Rf5 b5 37. e6 bxa4 38. Rxc5 a3 39. Rxa5 Kf8 40. Rxa3 Ke7 41. Ra6 h4
42. Bg5+ Ke8 43. Ra7 Kf8 44. e7+ Ke8 45. Ra8+ Kf7 46. e8=Q+ Kg7 47. Qf8+ Kh7 48.
Qg8# 1-0

[Event "Zonal 3.1 Women 2015"]
[Site "Muscat OMA"]
[Date "2015.05.20"]
[Round "4.2"]
[White "Alkanderi, Suad"]
[Black "Zhu, Chen"]
[Result "0-1"]
[BlackTitle "GM"]
[WhiteElo "1417"]
[BlackElo "2414"]
[WhiteFideId "10300805"]
[BlackFideId "8600546"]
[EventDate "2015.05.17"]

1. d4 Nf6 2. Nf3 e6 3. c4 b6 4. Nc3 Bb4 5. Bd2 Bb7 6. e3 O-O 7. a3 Be7 8. Bd3 d5
9. O-O c5 10. cxd5 exd5 11. b3 Nbd7 12. dxc5 bxc5 13. Na4 Ne4 14. b4 Nxd2 15.
Qxd2 c4 16. Bc2 Qc7 17. Rac1 a5 18. b5 Bxa3 19. Rb1 Nf6 20. Nc3 Bb4 21. Qd4 Qc5
22. Qxc5 Bxc5 23. Na4 Bb4 24. Nd4 Rab8 25. Nc6 Bxc6 26. bxc6 Rfc8 27. Rfd1 g6
28. e4 dxe4 29. Rd4 Rxc6 30. Bxe4 Nxe4 31. Rxe4 c3 32. Rc1 Ba3 33. Rc2 Rb1+ 0-1

[Event "Zonal 3.1 Women 2015"]
[Site "Muscat OMA"]
[Date "2015.05.20"]
[Round "4.3"]
[White "Abeer, Ali"]
[Black "Faqeeh, Yara"]
[Result "1-0"]
[WhiteElo "1569"]
[BlackElo "1437"]
[WhiteFideId "9302930"]
[BlackFideId "11501642"]
[EventDate "2015.05.17"]

1. e4 e6 2. d4 d5 3. exd5 exd5 4. Nf3 Nf6 5. c3 Be7 6. Bd3 O-O 7. h3 b6 8. O-O
Ba6 9. Re1 Bxd3 10. Qxd3 c5 11. Bg5 h6 12. Bh4 Nbd7 13. Ne5 Rc8 14. Nd2 Re8 15.
Ndf3 g5 16. Bxg5 hxg5 17. Nxg5 Nxe5 18. dxe5 Ne4 19. Nxe4 dxe4 20. Qxe4 Bf8 21.
Qg4+ Bg7 22. Rad1 Qe7 23. Rd7 Qe6 24. Qxe6 Rxe6 25. f4 f6 26. Rxa7 fxe5 27. f5
Ree8 28. Rd1 Rcd8 29. Rad7 Ra8 30. a3 Rab8 31. R1d6 Rf8 32. Rg6 Rf7 33. Rdd6 b5
34. f6 Rbf8 35. Rxg7+ Rxg7 36. fxg7 Kxg7 37. Rd5 Kf6 38. Rxc5 b4 39. cxb4 Rd8
40. Rc2 Rd3 41. Kf2 Kf5 42. b5 Rb3 43. b6 Rxb6 44. b4 e4 45. Ke3 1-0

[Event "Zonal 3.1 Women 2015"]
[Site "Muscat OMA"]
[Date "2015.05.20"]
[Round "4.5"]
[White "Al-Rufaye, Iman Hasan Mohammed"]
[Black "Mir Mahmoud, Afamia"]
[Result "1-0"]
[WhiteTitle "WIM"]
[WhiteElo "2094"]
[BlackElo "1964"]
[WhiteFideId "4801067"]
[BlackFideId "7600674"]
[EventDate "2015.05.17"]

1. e4 c6 2. d4 g6 3. Nf3 Bg7 4. Bd3 d6 5. O-O Nf6 6. Nc3 Nbd7 7. Re1 e5 8. dxe5
dxe5 9. h3 O-O 10. Bc4 b5 11. Bf1 Qe7 12. a3 a5 13. b3 Rd8 14. Bb2 Rb8 15. Qc1
h6 16. Nd1 Ne8 17. Qe3 Nc5 18. b4 axb4 19. axb4 Na4 20. Ba3 Be6 21. Nb2 Nb6 22.
Qc5 Qxc5 23. bxc5 Nd7 24. Bb4 Ra8 25. c4 bxc4 26. Nxc4 Rxa1 27. Rxa1 Rb8 28. Nb6
Nxb6 29. cxb6 Rxb6 30. Bc3 f6 31. Ba5 Rb8 32. Rc1 Bd7 33. Bc4+ Kh7 34. Bf7 Rb7
35. Rd1 Bf8 36. Rxd7 Rxd7 37. Bxe8 Ra7 38. Bb6 Ra1+ 39. Kh2 c5 40. Bf7 Kg7 41.
Bd5 Rb1 42. Ba5 Ra1 43. Bc3 Rc1 44. Bd2 Rc2 45. Bb3 Rb2 46. Bc4 Rc2 47. Bd3 Ra2
48. Be3 Ra3 49. Bc4 Rc3 50. Be6 Ra3 51. Nd2 Ra6 52. Bc4 Ra4 53. g4 g5 54. Kg2
Be7 55. Kf3 Kf8 56. Ke2 Ra1 57. Nb3 Rh1 58. Kf3 Rxh3+ 59. Kg2 Rh4 60. f3 h5 61.
Bf2 hxg4 62. Bxh4 gxf3+ 63. Kxf3 gxh4 64. Kg4 Kg7 65. Nd2 Kg6 66. Nf3 f5+ 67.
exf5+ Kf6 68. Nxh4 Bd6 69. Bd5 Bc7 70. Nf3 Ke7 71. Nd2 Kd6 72. Bc4 Bd8 73. Ne4+
Kc6 74. Kh5 Kb6 75. f6 Bxf6 76. Nxf6 e4 77. Kg4 Ka5 78. Nd5 Ka4 79. Kf4 Ka3 80.
Kxe4 Kb2 81. Kd3 Kc1 82. Bb5 Kb2 83. Kc4 1-0

[Event "Zonal 3.1 Women 2015"]
[Site "Muscat OMA"]
[Date "2015.05.21"]
[Round "5.1"]
[White "Mir Mahmoud, Afamia"]
[Black "Hejazipour, Mitra"]
[Result "0-1"]
[BlackTitle "WIM"]
[WhiteElo "1964"]
[BlackElo "2312"]
[WhiteFideId "7600674"]
[BlackFideId "12505951"]
[EventDate "2015.05.17"]

1. d4 Nf6 2. Nf3 e6 3. g3 b5 4. Bg2 Bb7 5. Qd3 b4 6. c4 c5 7. O-O Qb6 8. Nbd2
cxd4 9. Nxd4 Bxg2 10. Kxg2 Na6 11. N2b3 Be7 12. Bg5 h6 13. Be3 Qb7+ 14. Kg1 Nc7
15. f3 O-O 16. Bf2 a5 17. e4 a4 18. Nd2 d6 19. Rad1 Rfd8 20. Qe2 Nd7 21. f4 Nc5
22. Rfe1 Bf8 23. N2f3 Re8 24. e5 d5 25. cxd5 Nxd5 26. Qb5 a3 27. Qxb7 Nxb7 28.
b3 Nc3 29. Rd2 Red8 30. Rc2 Nc5 31. Ne2 N3e4 32. Bxc5 Bxc5+ 33. Kg2 Nc3 34. Nxc3
bxc3 35. Re4 Rd1 36. Rc4 Rad8 37. Rxc5 R1d2+ 38. Nxd2 cxd2 39. Rc1 dxc1=Q 40.
Rxc1 Rd2+ 41. Kg1 Rxa2 42. Rc8+ Kh7 43. Ra8 Kg6 44. b4 Kf5 45. b5 Ke4 46. b6 Kf3
47. h4 Kxg3 48. Kf1 Ra1+ 49. Ke2 a2 50. b7 Rb1 51. Rxa2 Rxb7 52. Ra4 Kxh4 53.
Kf3 Kh5 0-1

[Event "Zonal 3.1 Women 2015"]
[Site "Muscat OMA"]
[Date "2015.05.21"]
[Round "5.3"]
[White "Faqeeh, Yara"]
[Black "Pourkashiyan, Atousa"]
[Result "0-1"]
[BlackTitle "WGM"]
[WhiteElo "1437"]
[BlackElo "2356"]
[WhiteFideId "11501642"]
[BlackFideId "12502014"]
[EventDate "2015.05.17"]

1. d4 Nf6 2. c4 e6 3. Nc3 Bb4 4. Bd2 O-O 5. Qc2 d5 6. e3 c5 7. Nf3 cxd4 8. Nxd4
e5 9. Nf3 d4 10. Nd1 Nc6 11. a3 Bxd2+ 12. Qxd2 Bf5 13. Qc1 Rc8 14. b4 Re8 15.
Nb2 dxe3 16. fxe3 e4 17. Nh4 Bg4 18. h3 Be6 19. g4 Nh5 20. Ng2 Ng3 21. Rg1 Ne5
22. Be2 Nxe2 23. Kxe2 Bxc4+ 24. Nxc4 Rxc4 25. Qd1 Qc7 26. Rc1 Nd3 27. Ra1 Rc2+
28. Kf1 Rf2# 0-1

[Event "Zonal 3.1 Women 2015"]
[Site "Muscat OMA"]
[Date "2015.05.21"]
[Round "5.4"]
[White "Zhu, Chen"]
[Black "Abeer, Ali"]
[Result "1-0"]
[WhiteTitle "GM"]
[WhiteElo "2414"]
[BlackElo "1569"]
[WhiteFideId "8600546"]
[BlackFideId "9302930"]
[EventDate "2015.05.17"]

1. c4 d5 2. cxd5 Qxd5 3. Nc3 Qd8 4. d4 Nf6 5. e4 c6 6. Bg5 Qb6 7. Qd2 Nbd7 8.
Nf3 e6 9. Bd3 Qc7 10. Bf4 Qd8 11. Rc1 a6 12. O-O Be7 13. Bb1 Nb6 14. Rfd1 O-O
15. Qd3 g6 16. Bh6 Re8 17. e5 Nfd5 18. Ne4 Nd7 19. Nfg5 Bf8 20. Qf3 Qe7 21. Bxf8
Qxf8 22. h4 Ne7 23. Nd6 Rd8 24. Ngxf7 Nf5 25. Bxf5 exf5 26. Nxd8 Qxd8 27. Qb3+
Kg7 28. Qf7+ Kh8 29. e6 1-0

[Event "Zonal 3.1 Women 2015"]
[Site "Muscat OMA"]
[Date "2015.05.21"]
[Round "6.1"]
[White "Hejazipour, Mitra"]
[Black "Alkanderi, Suad"]
[Result "1-0"]
[WhiteTitle "WIM"]
[WhiteElo "2312"]
[BlackElo "1417"]
[WhiteFideId "12505951"]
[BlackFideId "10300805"]
[EventDate "2015.05.17"]

1. d4 d5 2. Nf3 Nf6 3. c4 c6 4. e3 e6 5. Bd3 a6 6. b3 Be7 7. O-O O-O 8. Nbd2 c5
9. Bb2 Nbd7 10. Rc1 b6 11. Qe2 cxd4 12. exd4 dxc4 13. bxc4 Re8 14. Rfd1 Bb7 15.
Ne5 Nxe5 16. dxe5 Nd7 17. Ne4 Bxe4 18. Bxe4 Rb8 19. Bc6 Bg5 20. Rxd7 Bxc1 21.
Rxd8 Rexd8 22. Bxc1 b5 23. cxb5 Rbc8 24. Bg5 Rd4 25. Bb7 Rb4 26. h3 Rb8 27. bxa6
Ra4 28. Qc2 Ra5 29. Qc7 Rf8 30. Qxa5 h6 31. Be3 f5 32. a7 Kh7 33. a8=Q Rxa8 34.
Qxa8 Kg6 35. Qe8+ Kh7 36. Bf3 f4 37. Be4+ 1-0

[Event "Zonal 3.1 Women 2015"]
[Site "Muscat OMA"]
[Date "2015.05.21"]
[Round "6.3"]
[White "Pourkashiyan, Atousa"]
[Black "Zhu, Chen"]
[Result "0-1"]
[WhiteTitle "WGM"]
[BlackTitle "GM"]
[WhiteElo "2356"]
[BlackElo "2414"]
[WhiteFideId "12502014"]
[BlackFideId "8600546"]
[EventDate "2015.05.17"]

1. e4 e5 2. Nf3 Nc6 3. Nc3 Nf6 4. d4 exd4 5. Nxd4 Bb4 6. Nxc6 bxc6 7. Bd3 d5 8.
exd5 cxd5 9. O-O O-O 10. Bg5 c6 11. Qf3 h6 12. Bxf6 Qxf6 13. Qxf6 gxf6 14. Ne2
Rb8 15. Ng3 Bc5 16. b3 Re8 17. Rfe1 Re5 18. c3 Bd7 19. Kf1 Rbe8 20. Nf5 h5 21.
f4 R5e6 22. Red1 Kf8 23. h3 Bc8 24. Rac1 a5 25. Rc2 Bb6 26. a3 c5 27. c4 d4 28.
g4 h4 29. Rf2 Bc7 30. Nxh4 Re3 31. Kg2 Bb7+ 32. Kh2 Be4 33. Bf1 Rxb3 34. a4 Bc6
35. Nf5 Bxa4 36. Bd3 Ra3 37. Rdd2 Re3 38. Bf1 Rf3 39. Rxf3 Rxf3 40. Kg1 Bd7 41.
Ra2 a4 42. Nh4 Rc3 43. Ng2 a3 44. Ne1 Ba4 45. Kf2 Ba5 46. Bd3 Bb4 47. Ra1 Bb3
48. h4 a2 49. h5 Ba3 50. Bc2 Bxc4 51. h6 Bb2 0-1

[Event "Zonal 3.1 Women 2015"]
[Site "Muscat OMA"]
[Date "2015.05.21"]
[Round "6.4"]
[White "Al-Rufaye, Iman Hasan Mohammed"]
[Black "Faqeeh, Yara"]
[Result "1-0"]
[WhiteTitle "WIM"]
[WhiteElo "2094"]
[BlackElo "1437"]
[WhiteFideId "4801067"]
[BlackFideId "11501642"]
[EventDate "2015.05.17"]

1. e4 e6 2. d4 d5 3. Nc3 dxe4 4. Nxe4 Be7 5. Nf3 Nd7 6. Bd3 Ngf6 7. c3 O-O 8.
O-O b6 9. Re1 Bb7 10. Ng3 Rc8 11. Qe2 c5 12. Bd2 Nb8 13. dxc5 Bxc5 14. Bg5 Nbd7
15. Rad1 Qc7 16. Bb5 Bc6 17. Ba6 Bb7 18. Bb5 Bc6 19. Nd4 Bb7 20. b4 Bxd4 21.
Rxd4 h6 22. Bxd7 Nxd7 23. Bxh6 gxh6 24. Nh5 Kh8 25. Qd2 Kh7 26. Rxd7 Qc6 27.
Qd3+ Kh8 28. f3 f5 29. Qd4+ e5 1-0

[Event "Zonal 3.1 Women 2015"]
[Site "Muscat OMA"]
[Date "2015.05.22"]
[Round "7.2"]
[White "Faqeeh, Yara"]
[Black "Mir Mahmoud, Afamia"]
[Result "0-1"]
[WhiteElo "1437"]
[BlackElo "1964"]
[WhiteFideId "11501642"]
[BlackFideId "7600674"]
[EventDate "2015.05.17"]

1. d4 d5 2. c4 e6 3. Nc3 Nf6 4. Nf3 c6 5. e3 Nbd7 6. Bd3 dxc4 7. Bxc4 b5 8. Bd3
Bb7 9. a3 a5 10. Qb3 Be7 11. Bd2 b4 12. axb4 axb4 13. Rxa8 Qxa8 14. Na2 c5 15.
Be2 O-O 16. Nc1 Bd5 17. Qc2 Rc8 18. Qb1 c4 19. O-O b3 20. Rd1 Be4 21. Nd3 cxd3
22. Bf1 Bxf3 23. gxf3 Qxf3 24. Bg2 Qf5 25. f3 Qb5 26. Bc3 Nd5 27. Rxd3 Nxc3 28.
bxc3 Qa4 29. Bf1 Qa2 30. Rd1 Qxb1 31. Rxb1 Rxc3 32. Kf2 Ba3 0-1

[Event "Zonal 3.1 Women 2015"]
[Site "Muscat OMA"]
[Date "2015.05.22"]
[Round "7.3"]
[White "Zhu, Chen"]
[Black "Al-Rufaye, Iman Hasan Mohammed"]
[Result "1-0"]
[WhiteTitle "GM"]
[BlackTitle "WIM"]
[WhiteElo "2414"]
[BlackElo "2094"]
[WhiteFideId "8600546"]
[BlackFideId "4801067"]
[EventDate "2015.05.17"]

1. d4 d5 2. c4 e6 3. Nc3 Nf6 4. Nf3 Be7 5. Bf4 dxc4 6. e3 a6 7. a4 c5 8. Bxc4
O-O 9. O-O Nc6 10. Qe2 cxd4 11. Rfd1 Nd5 12. Nxd5 exd5 13. Nxd4 Qa5 14. Nb3 Qb6
15. Bxd5 Bf5 16. e4 Bg6 17. Be3 Qc7 18. f4 h6 19. Rac1 Rac8 20. Qg4 Kh8 21. Rc3
Rfd8 22. a5 Qd7 23. Qxd7 Rxd7 24. Rdc1 Rb8 25. f5 Bh5 26. Nc5 Bxc5 27. Bxc5 Nxa5
28. f6 Nc6 29. fxg7+ Kxg7 30. Rg3+ Kh7 31. Be3 Bg6 32. Rh3 h5 33. g4 Re8 34.
Bxc6 bxc6 35. Rxc6 Re6 36. Rxe6 fxe6 37. e5 Rd3 38. gxh5 Be8 39. h6 Rb3 40. Rg3
Bg6 41. h4 Rxb2 42. h5 Bxh5 43. Rg7+ Kh8 44. Bg5 Rb1+ 45. Kf2 Bg4 46. Bf6 Bf5
47. h7 1-0

[Event "Zonal 3.1 Women 2015"]
[Site "Muscat OMA"]
[Date "2015.05.22"]
[Round "7.5"]
[White "Alkanderi, Suad"]
[Black "Abeer, Ali"]
[Result "0-1"]
[WhiteElo "1417"]
[BlackElo "1569"]
[WhiteFideId "10300805"]
[BlackFideId "9302930"]
[EventDate "2015.05.17"]

1. d4 d5 2. c4 e6 3. Nc3 c6 4. Nf3 dxc4 5. Bf4 Bb4 6. e3 b5 7. Be2 Nf6 8. O-O
Bxc3 9. bxc3 Nd5 10. Bxb8 Nxc3 11. Qd2 Nxe2+ 12. Qxe2 Rxb8 13. a4 a6 14. Rfc1
Bb7 15. axb5 cxb5 16. Qe1 Bxf3 17. gxf3 Ra8 18. Kh1 Qd5 19. Qe2 O-O 20. Rg1 g6
21. Rad1 Qh5 22. e4 Rfd8 23. Rg3 Rd6 24. e5 Rd5 25. Qf1 Rad8 26. Qh3 Qxh3 27.
Rxh3 Rxd4 28. Rxd4 Rxd4 29. f4 Rxf4 30. Ra3 Rxf2 31. Rxa6 c3 32. Rb6 Rb2 33.
Rxb5 Rxb5 34. Kg2 c2 35. Kg3 c1=Q 36. Kh3 Qe3+ 37. Kh4 Rb4# 0-1

[Event "Zonal 3.1 Women 2015"]
[Site "Muscat OMA"]
[Date "2015.05.23"]
[Round "8.1"]
[White "Hejazipour, Mitra"]
[Black "Abeer, Ali"]
[Result "1/2-1/2"]
[WhiteTitle "WIM"]
[WhiteElo "2312"]
[BlackElo "1569"]
[WhiteFideId "12505951"]
[BlackFideId "9302930"]
[EventDate "2015.05.17"]

1. d4 d5 2. c4 dxc4 3. e4 Nf6 4. e5 Nd5 5. Bxc4 Nb6 6. Bb3 Nc6 7. Nf3 Bg4 8. Be3
e6 9. O-O Ne7 10. Nbd2 Ned5 11. Ne4 Be7 12. Ned2 Bf8 13. Ne4 Be7 14. Ng3 O-O 15.
h3 Bxf3 16. Qxf3 c6 17. Bd2 Bg5 18. Rad1 Bxd2 19. Rxd2 Ne7 20. h4 Ng6 21. h5
Nxe5 22. Qe4 Ned7 23. Re1 Nf6 24. Qf3 Nbd5 25. Ne2 Qd6 26. g3 Rad8 27. Nc1 Qb4
28. Red1 Qe7 29. Nd3 Rd6 30. Ne5 Rfd8 31. Qe2 Nc7 32. a4 Ncd5 33. Nd3 Qc7 34.
Nc5 Qc8 35. h6 g6 36. Qe5 Ne8 37. Ne4 R6d7 38. Bxd5 Rxd5 39. Nf6+ Nxf6 40. Qxf6
Kf8 41. Re2 Rf5 42. Qg7+ Ke7 43. Rde1 Rf6 44. Qxh7 Rh8 45. Qg7 Rg8 46. Qh7 Rh8
47. Qg7 1/2-1/2